| 000 | 00346nam a2200133Ia 4500 | ||
|---|---|---|---|
| 008 | 240624s9999 xx 000 0 und d | ||
| 041 | _aeng | ||
| 082 | _a658.404 SCH | ||
| 100 | _aSCHWINDT CHRISTOPH | ||
| 245 | _aHANDBOOK ON PROJECT MANAGEMENT AND SCHED | ||
| 260 |
_c2015 _aLondon _bSpringer |
||
| 300 | _al, 1406 p.; 23 cm. | ||
| 365 |
_cERU _b30 |
||
| 999 |
_c31141 _d31141 |
||